000 00299nam a22001337a 4500
082 _a823
_bPAI/K
100 _aPAI, ANANT
245 _aKAPALA KUNDALA
260 _aMUMBAI
_bAMAR CHITHRA KATHA
300 _a31
520 _aENGLISH SHORT STORY
650 _aENGLISH SHORT STORY
_zMUMBAI
942 _cBK
999 _c5288
_d5288